Sagrada Biblia / (Record no. 33142)

MARC details
000 -LEADER
campo de control de longitud fija 00818nam a2200217 i 4500
001 - NÚMERO DE CONTROL
campo de control 33142
003 - IDENTIFICADOR DE NÚMERO DE CONTROL
campo de control ES-MaACL
005 - FECHA Y HORA DE LA ÚLTIMA TRANSACCIÓN
campo de control 20250819002334.0
007 - CAMPO FIJO DE DESCRIPCIÓN FÍSICA--INFORMACIÓN GENERAL
campo de control de longitud fija t|
008 - DATOS DE LONGITUD FIJA--INFORMACIÓN GENERAL
campo de control de longitud fija 030201s1947 sp ||||1| spa d
130 0# - ENTRADA PRINCIPAL--TÍTULO UNIFORME
Título uniforme Biblia.
Lenguaje de la obra Español
9 (RLIN) 119282
245 10 - MENCIÓN DEL TÍTULO
Título Sagrada Biblia /
Mención de responsabilidad, etc. versión crítica sobre los textos Hebreo y Griego por José María Bover y Francisco Cantera Burgos.
260 ## - PUBLICACIÓN, DISTRIBUCIÓN, ETC.
Lugar de publicación, distribución, etc. Madrid :
Nombre del editor, distribuidor, etc. [La Editorial Católica],
Fecha de publicación, distribución, etc. 1947.
300 ## - DESCRIPCIÓN FÍSICA
Extensión 2 v. :
Otras características físicas il. ;
Dimensiones 20 cm.
490 1# - MENCIÓN DE SERIE
Mención de serie Biblioteca de autores cristianos. Sección I. Sagradas escrituras
700 1# - ENTRADA AGREGADA--NOMBRE PERSONAL
Nombre de persona Bover, José María.
9 (RLIN) 31120
700 1# - ENTRADA AGREGADA--NOMBRE PERSONAL
Nombre de persona Cantera Burgos, Francisco.
9 (RLIN) 34642
830 00 - PUNTO DE ACCESO ADICIONAL DE SERIE-TÍTULO UNIFORME
Título uniforme Biblioteca de autores cristianos.
Nombre de parte o sección de la obra Sagradas Escrituras
9 (RLIN) 229445
852 ## - LOCALIZACIÓN
Ubicación ES-MaACL
Número de control de estantería C-4823-24
Sublocalización o colección R.25444
Holdings
Estatus retirado Estado de pérdida Estado de daño No para préstamo Biblioteca de origen Biblioteca actual Ubicación en estantería Fecha de adquisición Fuente de adquisición Total de préstamos Signatura topográfica completa Código de barras Visto por última vez Precio de reemplazo Tipo de ítem Koha
        Biblioteca del Ateneo de Madrid Biblioteca del Ateneo de Madrid Sala Palomar 17/01/2008     C-4823-24 1034450 23/02/2023 23/02/2023 Libro impreso